| 000 | 01294cam a22003254a 4500 | ||
|---|---|---|---|
| 999 |
_c57290 _d57290 |
||
| 001 | 14345749 | ||
| 005 | 20200207142000.0 | ||
| 008 | 060419r20061949nyua 001 0 eng | ||
| 010 | _a 2006046275 | ||
| 020 | _a048645326X (pbk.) | ||
| 040 |
_aDLC _cDLC _dDLC |
||
| 041 | _aeng | ||
| 050 | 0 | 0 |
_aQA471 _b.F3 2006 |
| 080 | _a514 F-28 | ||
| 082 | 0 | 0 |
_a516/.5 _222 |
| 100 | 1 |
_aFaulkner, T. Ewan _q(Thomas Ewan) _96886 |
|
| 245 | 1 | 0 |
_aProjective geometry / _cT. Ewan Faulkner. |
| 250 | _aDover ed. | ||
| 260 |
_aMineola, N.Y. : _bDover Publications, _c2006. |
||
| 300 |
_aix, 129 p. : _bill. ; _c22 cm. |
||
| 500 | _aOriginally published: Edinburgh : Oliver and Boyd ; New York : Interscience Publishers, 1949. | ||
| 500 | _aIncludes index. | ||
| 650 | 0 |
_aGeometry, Projective. _96887 |
|
| 653 | _aსაპროექტო გეომეტრია | ||
| 856 | 4 | 1 |
_3Table of contents only _uhttp://www.loc.gov/catdir/toc/fy0706/2006046275.html |
| 856 | 4 | 2 |
_3Publisher description _uhttp://www.loc.gov/catdir/enhancements/fy0643/2006046275-d.html |
| 906 |
_a7 _bcbc _corignew _d1 _eocip _f20 _gy-gencatlg |
||
| 942 |
_2udc _cBK |
||
| 955 |
_apc15 2006-04-19 to ASCD _cjp43 2006-05-08 to subj _ajp03 2006-05-09 _aaa07 2006-05-10 _aps10 2006-10-31 1 copy rec'd., to CIP ver. _ajp00 2006-11-13 |
||